书目信息 |
| 题名: |
Visual C# 2005程序设计与应用简明教程
|
|
| 作者: | 严涛 编著 | |
| 分册: | ||
| 出版信息: | 北京 清华大学出版社 2007.10 |
|
| 页数: | 366页 | |
| 开本: | 26cm | |
| 丛书名: | 计算机应用能力培养丛书 | |
| 单 册: | ||
| 中图分类: | TP312C | |
| 科图分类: | ||
| 主题词: | C语言--C yu yan--程序设计--教材 | |
| 电子资源: | ||
| ISBN: | 978-7-302-16180-6 | |
| 000 | 00894nam 2200253 450 | |
| 001 | 191000008105 | |
| 005 | 20081008094241.10 | |
| 010 | @a978-7-302-16180-6@dCNY29.99 | |
| 100 | @a20070326d2007 em y0chiy0121 ea | |
| 101 | 0 | @achi |
| 102 | @aCN@b110000 | |
| 105 | @aa z 000yy | |
| 200 | 1 | @aVisual C# 2005程序设计与应用简明教程@AVisual C# 2005 cheng xu she ji yu ying yong jian ming jiao cheng@f严涛编著 |
| 210 | @a北京@c清华大学出版社@d2007.10 | |
| 215 | @a366页@c图@d26cm | |
| 225 | 2 | @a计算机应用能力培养丛书@Aji suan ji ying yong neng li pei yang cong shu |
| 330 | @a本书从.NET平台下的编程机制和C#语言的基本知识入手,全面介绍了开发高性能C#应用程序的知识和技巧。 | |
| 410 | 0 | @12001 @a计算机应用能力培养丛书 |
| 606 | 0 | @aC语言@AC yu yan@x程序设计@j教材 |
| 690 | @aTP312C@v4 | |
| 701 | 0 | @a严涛@Ayan tao@4编著 |
| 801 | 0 | @aCN@c20081008 |
| 905 | @dTP312C@eY064 | |
| 999 | @aZYL | |
| Visual C# 2005程序设计与应用简明教程/严涛编著.-北京:清华大学出版社,2007.10 |
| 366页:图;26cm.-(计算机应用能力培养丛书) |
| ISBN 978-7-302-16180-6:CNY29.99 |
| 本书从.NET平台下的编程机制和C#语言的基本知识入手,全面介绍了开发高性能C#应用程序的知识和技巧。 |
| ● |
| 相关链接 |
|
|
|
正题名:Visual C# 2005程序设计与应用简明教程
索取号:TP312C/Y064
 
预约/预借
| 序号 | 登录号 | 条形码 | 馆藏地/架位号 | 状态 | 备注 |
| 1 | 840945 | 208409453 | 自科二线400A/400A自科库 5排3列4层/ [索取号:TP312C/Y064] | 在馆 | |
| 2 | 840946 | 208409462 | 自科库301/301自科库 48排6列5层/ [索取号:TP312C/Y064] | 在馆 | |
| 3 | 840947 | 208409471 | 自科库301/301自科库 54排7列4层/ [索取号:TP312C/Y064] | 在馆 |